На гости на феите (Запис номер 523881)
[ съкратено ]
| 000 -Лидер | |
|---|---|
| Лидер | 01491nam a2200325 a 4500 |
| 003 - Код на организацията, давaща контролен номер | |
| Код на организацията, даваща контролен номер | BLK |
| 005 - Дата и час на последна редакция | |
| Дата и час на последна редакция | 20250721175858.0 |
| 008 - Елементи от данни с фиксирана дължина | |
| Елементи с фиксирана дължина | 180408b bul|||||r ||||||| ||bul|| |
| 020 ## - Международен стандартен номер на книга ISBN | |
| ISBN | 9786192440763 |
| 040 ## - Източник на каталожния запис | |
| Код на библиотеката | BLK |
| 041 ## - Код за език | |
| Език | Български |
| Език за КДБФ | Български |
| 080 ## - УДК | |
| УДК текст | Английска литература |
| УДК код | 821.111 |
| УДК – определител | -93-34 |
| УДК – код + определител | 821.111-93-34 |
| 084 ## - Класификационен индекс по друга класификация | |
| Авторски знак | Бар - Б 26 |
| 100 1# - Редна дума - Автор | |
| Автор | Барбър, Шърли |
| R(LIN) | 367236 |
| 245 10 - Сведения за заглавието | |
| Заглавие | На гости на феите |
| Авторска отговорност | Шърли Барбър ; ил. Шърли Барбър ; прев. Стефан Недков |
| 257 ## - Страна на издаване | |
| Страна на създаване/издаване | Великобритания |
| 260 ## - Област на издателските данни | |
| Място на издаване | София |
| Име на издателя | Бук травъл |
| Година на издаване | 2023 |
| 9 (RLIN) | 443725 |
| Издателство - префикс ISBN | 978-954-761- ; 954-8485- |
| 300 ## - Физическа характеристика | |
| Брой страници | 32 с. |
| Илюстрации | с цв. ил. |
| Размер | 30 см |
| 380 ## - Жанр | |
| Жанр | Детска худож. лит. |
| 490 ## - СЕРИИ (Колекции) | |
| 9 (RLIN) | 496483 |
| Серия | Светулка |
| 500 ## - Общи забележки | |
| Обща забележка | Ориг. загл.: Martha B. rabbit: the fairies' cook / Shirley Barber<br/>Кн. от поредицата Приключенията на зайчето Марта Б. |
| 700 1# - Други автори (авторска отговорност) | |
| Друг автор | Барбър, Шърли |
| Авт. отговорност на др. автор | ил. |
| 9 (RLIN) | 367236 |
| 700 ## - Други автори (авторска отговорност) | |
| Друг автор | Недков, Стефан Недков |
| Дати, свързани с автора | 1956 - |
| Друга информация | Инженер (компютърни технологии). Преводач от английски и руски език. |
| Авт. отговорност на др. автор | прев. |
| 9 (RLIN) | 401250 |
| 852 ## - Местоположение | |
| Сигнатура (форматна) | Цб ІІ 33492 |
| Отдел | Хранилище |
| 852 ## - Местоположение | |
| Отдел | Детски отдел |
| Систематично-азбучна сигнатура | 821-93/Б 26 Ш |
| 942 ## - АРТИКУЛИ | |
| Вид на библиотечния документ | Книги |
| Скрит в OPAC | Не |
| Периодичен библиозапис | Не |
| Koha issues (borrowed), all copies | 4 |
| 944 ## - СЪЗДАВАНЕ И РЕДАКЦИЯ на ЗАПИСА | |
| Дата на регистрацията/редакция | Кети Илиева |
| Служител, извършил регистрацията/редакцията | 30564 |
| Номер на служител | Анна Гръцманова |
| 944 ## - СЪЗДАВАНЕ И РЕДАКЦИЯ на ЗАПИСА | |
| Дата на регистрацията/редакция | 2025-01-16 |
| Служител, извършил регистрацията/редакцията | М.Я. |
| Създаване/Редакция | Редакция |
| 999 ## - СИСТЕМНИ КОНТРОЛНИ НОМЕРА | |
| Koha biblionumber | 523881 |
| Koha biblioitemnumber | 523881 |
| Код за отписване | Код за изгубен артикул | Източник на класификационната схема | Код за повреда | Коз за рестрикции | Код за отдаване | Артикулен № | Име на библиотеката - собственик | Име на библиотеката, в която се намира в момента | Статус (Текущо местоположение) | Дата на вписване в системата | Местоположение - отдел | Цена в лева | Инвентарен номер | Систематично азбучна сигнатура | Баркод | Цена в евро | Служебен тип на артикула |
|---|---|---|---|---|---|---|---|---|---|---|---|---|---|---|---|---|---|
| Не е изгубен | Universal Decimal Classification | Не е повреден | само за читалня | ползва се в читалня | 957107 | Регионална библиотека "Любен Каравелов" Русе | Регионална библиотека "Любен Каравелов" Русе | Хранилище | 2025-01-03 | Хранилище | 14.90 | 120000915922 | Цб ІІ 33492 | 120000915922 | 7.62 | Книги | |
| Не е изгубен | Universal Decimal Classification | Не е повреден | заемане за дома | 958572 | Регионална библиотека "Любен Каравелов" Русе | Регионална библиотека "Любен Каравелов" Русе | Детски отдел | 2025-01-17 | Детски отдел | 10.43 | 120000917091 | 821-93/Б 26 Ш | 120000917091 | 5.33 | Книги |